<?xml version="1.0" encoding="UTF-8"?>
<record
    xmlns:xsi="http://www.w3.org/2001/XMLSchema-instance"
    xsi:schemaLocation="http://www.loc.gov/MARC21/slim http://www.loc.gov/standards/marcxml/schema/MARC21slim.xsd"
    xmlns="http://www.loc.gov/MARC21/slim">

  <leader>01297nam a22002057a 4500</leader>
  <controlfield tag="005">20231206142034.0</controlfield>
  <controlfield tag="008">231124b           ||||| |||| 00| 0 eng d</controlfield>
  <datafield tag="040" ind1=" " ind2=" ">
    <subfield code="c">AL</subfield>
  </datafield>
  <datafield tag="041" ind1=" " ind2=" ">
    <subfield code="a">Kannada</subfield>
  </datafield>
  <datafield tag="082" ind1=" " ind2=" ">
    <subfield code="2">23</subfield>
    <subfield code="b">ARUG</subfield>
    <subfield code="a">K894.8</subfield>
  </datafield>
  <datafield tag="100" ind1=" " ind2=" ">
    <subfield code="a"> Arun Ullal &#xC85;&#xCB0;&#xCC1;&#xCA3;&#xCCD; &#xC89;&#xCB3;&#xCCD;&#xCB3;&#xCBE;&#xCB2;&#xCCD; </subfield>
    <subfield code="9">144522</subfield>
  </datafield>
  <datafield tag="245" ind1=" " ind2=" ">
    <subfield code="a">Guru Tathva Darshana :Narayana gurugala adyatmika samajika shikshanika sadhanegala avalokana &#xC97;&#xCC1;&#xCB0;&#xCC1; &#xCA4;&#xCA4;&#xCCD;&#xCB5;&#xCA6;&#xCB0;&#xCCD;&#xCB6;&#xCA8; :&#xCA8;&#xCBE;&#xCB0;&#xCBE;&#xCAF;&#xCA3; &#xC97;&#xCC1;&#xCB0;&#xCC1;&#xC97;&#xCB3; &#xC86;&#xCA7;&#xCCD;&#xCAF;&#xCBE;&#xCA4;&#xCCD;&#xCAE;&#xCBF;&#xC95; &#xCB8;&#xCBE;&#xCAE;&#xCBE;&#xC9C;&#xCBF;&#xC95; &#xCB6;&#xCC8;&#xC95;&#xCCD;&#xCB7;&#xCA3;&#xCBF;&#xC95; &#xCB8;&#xCBE;&#xCA7;&#xCA8;&#xCC6;&#xC97;&#xCB3; &#xC85;&#xCB5;&#xCB2;&#xCCB;&#xC95;&#xCA8; </subfield>
  </datafield>
  <datafield tag="260" ind1=" " ind2=" ">
    <subfield code="a">Mangalagangothri &#xCAE;&#xC82;&#xC97;&#xCB3;&#xC97;&#xC82;&#xC97;&#xCCB;&#xCA4;&#xCCD;&#xCB0;&#xCBF; </subfield>
    <subfield code="b">Prasaranga Mangalore University &#xCAA;&#xCCD;&#xCB0;&#xCB8;&#xCBE;&#xCB0;&#xCBE;&#xC82;&#xC97; &#xCAE;&#xC82;&#xC97;&#xCB3;&#xCC2;&#xCB0;&#xCC1; &#xCB5;&#xCBF;&#xCB6;&#xCCD;&#xCB5;&#xCB5;&#xCBF;&#xCA6;&#xCCD;&#xCAF;&#xCBE;&#xCA8;&#xCBF;&#xCB2;&#xCAF; </subfield>
    <subfield code="c">2022</subfield>
  </datafield>
  <datafield tag="300" ind1=" " ind2=" ">
    <subfield code="a">88 p.</subfield>
    <subfield code="b">PB</subfield>
    <subfield code="c">21x13 cm.</subfield>
  </datafield>
  <datafield tag="365" ind1=" " ind2=" ">
    <subfield code="a">063-065</subfield>
    <subfield code="b">&#x20B9;40.00</subfield>
    <subfield code="c">&#x20B9;</subfield>
    <subfield code="d">&#x20B9;80</subfield>
    <subfield code="e">50%</subfield>
    <subfield code="f">23-11-2023</subfield>
  </datafield>
  <datafield tag="440" ind1=" " ind2=" ">
    <subfield code="a">Brahmashree narayana guru adhyana peetada samshodana prabhanda malike-1 &#xCAC;&#xCCD;&#xCB0;&#xCB9;&#xCCD;&#xCAE;&#xCB6;&#xCCD;&#xCB0;&#xCC0; &#xCA8;&#xCBE;&#xCB0;&#xCBE;&#xCAF;&#xCA3; &#xC97;&#xCC1;&#xCB0;&#xCC1; &#xC85;&#xCA7;&#xCCD;&#xCAF;&#xCAF;&#xCA8; &#xCAA;&#xCC0;&#xCA0;&#xCA6; &#xCB8;&#xC82;&#xCB6;&#xCCB;&#xCA7;&#xCA8;&#xCBE; &#xCAA;&#xCCD;&#xCB0;&#xCAC;&#xC82;&#xCA7; &#xCAE;&#xCBE;&#xCB2;&#xCBF;&#xC95;&#xCC6; &#xCE7;</subfield>
    <subfield code="9">144523</subfield>
  </datafield>
  <datafield tag="650" ind1=" " ind2=" ">
    <subfield code="a">Research Essay &#xCAA;&#xCCD;&#xCB0;&#xCAC;&#xC82;&#xCA7; &#xCAE;&#xCBE;&#xCB2;&#xCBF;&#xC95;&#xCC6;</subfield>
    <subfield code="9">144524</subfield>
  </datafield>
  <datafield tag="700" ind1=" " ind2=" ">
    <subfield code="a">ARUN ULLAL</subfield>
    <subfield code="9">143610</subfield>
  </datafield>
  <datafield tag="942" ind1=" " ind2=" ">
    <subfield code="2">ddc</subfield>
    <subfield code="c">BK</subfield>
  </datafield>
  <datafield tag="999" ind1=" " ind2=" ">
    <subfield code="c">229303</subfield>
    <subfield code="d">229303</subfield>
  </datafield>
  <datafield tag="952" ind1=" " ind2=" ">
    <subfield code="0">0</subfield>
    <subfield code="1">0</subfield>
    <subfield code="2">ddc</subfield>
    <subfield code="4">0</subfield>
    <subfield code="7">0</subfield>
    <subfield code="8">KAN</subfield>
    <subfield code="a">AL</subfield>
    <subfield code="b">AL</subfield>
    <subfield code="d">2023-11-24</subfield>
    <subfield code="e">Prasaranga Mangalore University</subfield>
    <subfield code="g">40.00</subfield>
    <subfield code="l">0</subfield>
    <subfield code="o">K894.8 ARUG</subfield>
    <subfield code="p">076919</subfield>
    <subfield code="r">2023-11-24 00:00:00</subfield>
    <subfield code="v">80.00</subfield>
    <subfield code="w">2023-11-24</subfield>
    <subfield code="y">BK</subfield>
  </datafield>
</record>
